Grey's Anatomy Without GREYS Quiz Stats

 Plays Quiz not verified by Sporcle

Challenge
Share
Tweet
Embed
Score 0/20 Timer 03:00
0 Plays Today
Name Without GREYS Name % Correct
ICHAD WBBRichard Webber
99.8%
CALLI TOCallie Torres
99.3%
APIL KPNApril Kepner
98.7%
MDITHMeredith Grey
98.6%
O OMALLGeorge O'Malley
98.4%
IZZI TVNIzzie Stevens
98.1%
MAK LOANMark Sloan
98.1%
MIANDA BAILMiranda Bailey
97.8%
AIZONA OBBINArizona Robbins
97.7%
OWN HUNTOwen Hunt
97.3%
Name Without GREYS Name % Correct
ALX KAVAlex Karev
97.2%
BNJAMIN WANBenjamin Warren
97%
TDD ALTMANTeddy Altman
96.9%
PTON BUKPreston Burke
96.7%
AMLIA HPHAmelia Shepherd
96.3%
ADDION MONTOMAddison Montgomery
96%
JO WILONJo Wilson
95.8%
CITINA ANCristina Yang
95.7%
LXI Lexie Grey
94.1%
DK HHDDerek Shepherd
93%

You're not logged in!

Compare scores with friends on all Sporcle quizzes.
Join for Free
OR
Log In

You Might Also Like...

Show Comments

Extras

Top Quizzes Today


Score Distribution

Your Account Isn't Verified!

In order to create a playlist on Sporcle, you need to verify the email address you used during registration. Go to your Sporcle Settings to finish the process.

Report this User

Report this user for behavior that violates our Community Guidelines.

Details: